[Event "WSTCC-50 2020"]
[Site "Prague"]
[Date "2020.03.10"]
[Round "5.11"]
[White "Motuz, Karol"]
[Black "McDonald, Neil"]
[Result "1-0"]
[WhiteElo "2368"]
[BlackElo "2410"]
[Annotator "TA"]
[PlyCount "127"]
[EventDate "2020.03.06"]
[EventType "team-tourn"]
[EventCountry "CZE"]
[SourceTitle "playchess.com"]
[Source "ChessBase"]
[SourceQuality "1"]

{[%evp 14,127,28,3,2,23,45,46,43,45,43,33,35,39,131,133,127,120,105,97,156,73,129,140,164,109,205,206,337,312,330,334,317,242,440,352,340,212,172,175,384,384,383,340,335,299,270,62,63,69,81,81,220,211,231,218,218,202,268,268,249,148,200,200,199,197,240,238,540,577,506,493,850,830,793,810,674,606,3285,2530,6598,6331,5462,5322,7124,7106,6637,6555,2618,8631,6175,5587,29937,2280,2057,1699,1575,1532,29964,29964,11687,1552,29955,29964,29973,29975,29980,29981,29981,29981,29981,29981,29983,29984,29989,29990]} 1. Nf3 d5 2. d4 Nf6 3. c4 e6 4. g3 dxc4 5. Bg2 Bd7 6. Ne5 Bc6 7. Nxc6 Nxc6 8. O-O Qd7 {E04: Open Catalan: 5 Nf3.} 9. e3 O-O-O {9...0-0-0 has become a bit dusty these days.} 10. Nd2 e5 {White is slightly better.} 11. Nxc4 exd4 12. Qb3 Nd5 $1 13. Rd1 h5 (13... Bc5 $1 $14) 14. exd4 $16 f6 15. Ne3 Nce7 16. Bd2 h4 {[#]} ({Better is} 16... Kb8) 17. Ba5 $146 ({Resist} 17. Nxd5 $6 Nxd5 18. Rac1 c6 $14) (17. Rdc1 $142 c6 18. Nxd5 Nxd5 19. Ba5) ({Predecessor:} 17. Rac1 g5 18. a4 hxg3 19. hxg3 Kb8 20. Rc5 c6 21. Rcc1 Nxe3 22. Bxe3 Nd5 23. Bd2 {0-1 (43) Schepetkova,M (2244)-Gurvich,V (2305) Voronezh 2018}) 17... hxg3 ({Black should play} 17... g6) 18. hxg3 ({Much less strong is} 18. fxg3 Kb8 $14) 18... b6 19. Be1 $40 {[%mdl 128] White wants a kill.} (19. Nxd5 $18 Nxd5 20. Bd2) 19... g5 (19... g6 $16) 20. a4 $1 $18 {[%cal Ba2a4,Ba4a5][%mdl 32]} c6 (20... g4 $142 21. Rdc1 Rh5) 21. a5 b5 22. a6 Kb8 23. Rac1 f5 $2 (23... Rc8 24. Rc2 Nb6) 24. Nc4 {And now Ne5 would win.} Bg7 25. Ne5 Bxe5 26. dxe5 Qe6 $2 (26... Qc7 {was necessary.} 27. Bb4 Qxe5) 27. Bb4 Qxe5 28. Re1 Qc7 29. Bxe7 Nxe7 {[#]} 30. Bxc6 $1 {[%mdl 512]} Nxc6 $14 31. Qxb5+ {[%mdl 64] Double Attack} Qb6 32. Qxc6 Rh6 {This move loses the game for Black.} (32... f4 $16) 33. Qc3 {Black must now prevent Re7.} Rhd6 34. Re7 Qxa6 {[#]} 35. Qe5 $1 {Re8 is the strong threat.} Ka8 {aiming for ...Rd1+.} 36. Qxf5 Rd1+ {[#]} 37. Re1 (37. Rxd1 $1 $18 Rxd1+ 38. Kg2 Qf1+ 39. Kf3 Qd3+ 40. Qxd3 Rxd3+ 41. Kg4) 37... Rxc1 (37... Rxe1+ $16 {keeps fighting.} 38. Rxe1 Qc6) 38. Rxc1 $16 {[%mdl 4096] Endgame KQR-KQR} Qb7 39. Qf6 Re8 40. Rd1 {Strongly threatening Rd8+.} Rb8 $2 (40... Qb5 {is a better chance.} 41. g4 Rg8 42. Qf3+ Qb7) 41. Rd8 $18 Qe4 42. Qxg5 Qe1+ (42... Qb1+ $142 43. Kg2 Qe4+ 44. f3 Qe2+ 45. Kh3 Qxb2) 43. Kg2 {[%cal Rg5d5]} Qe4+ 44. f3 Qe2+ 45. Kh3 {[%cal Rg5d5]} Qxb2 46. g4 Rxd8 47. Qxd8+ {KQ-KQ} Kb7 48. Qe7+ Kb6 49. g5 Qf2 50. Qf6+ Kb5 51. g6 Qf1+ 52. Kh4 Qf2+ 53. Kg5 (53. Kh5 $142 Qh2+ 54. Qh4 Qc2 55. Qf6 Qh2+ 56. Qh4 Qc2 57. Qg5+ Kb4 58. g7 Qh7+ 59. Qh6 Qf5+ 60. Kh4) 53... Qg3+ 54. Kh6 {Threatening mate with Qg5+.} Qh3+ 55. Kg7 a5 56. Qe5+ Kb4 57. Qd4+ (57. Qf4+ $142 Kb3 58. Kf6) 57... Kb3 58. Qd5+ {White mates.} Kb2 59. Kf7 a4 60. g7 Qh7 61. Qe5+ Kb3 62. Qe6+ Ka3 63. Qg6 Qh3 64. Qd3+ {Accuracy: White = 74%, Black = 40%.} 1-0

[Event "WSTCC-50 2020"]
[Site "Prague"]
[Date "2020.03.10"]
[Round "5.12"]
[White "Plaskett, H James"]
[Black "Petran, Peter"]
[Result "1-0"]
[WhiteElo "2401"]
[BlackElo "2268"]
[Annotator "TA"]
[PlyCount "73"]
[EventDate "2020.03.06"]
[EventType "team-tourn"]
[EventCountry "CZE"]
[SourceTitle "playchess.com"]
[Source "ChessBase"]
[SourceQuality "1"]

{[%evp 9,73,6,21,14,16,25,31,23,33,4,43,43,48,45,54,53,72,86,91,62,72,70,82,86,81,69,106,106,113,54,41,64,76,30,153,148,140,147,123,136,127,102,155,160,139,139,300,302,291,287,308,304,347,344,362,351,431,0,344,316,343,331,635,612,652,634]} 1. e4 g6 2. Nc3 Bg7 3. f4 c6 4. d3 d5 5. Nf3 dxe4 6. dxe4 {B06: Modern Defence.} Qxd1+ 7. Nxd1 Nd7 {[#]} 8. Bc4 $146 {White is slightly better.} ({Predecessor:} 8. Nf2 e5 9. f5 Ne7 10. g4 h5 11. h3 Nc5 12. Rg1 hxg4 13. hxg4 b6 14. Be3 {1-0 (40) Zajarnyi,A (2324)-Shagbazyan,T (2384) Chervonograd 2012}) 8... Nc5 9. Nf2 Be6 (9... Nf6 {looks sharper.} 10. Ng5 O-O 11. Be3 Na4 12. Bb3 b5) 10. Bxe6 Nxe6 11. c3 Nf6 12. Be3 Nd7 13. O-O-O a5 14. e5 h5 15. Ne4 Bh6 16. g3 O-O-O 17. Rd3 Kc7 18. Rhd1 Nb8 19. c4 (19. Nd4 $16 {And now Nxe6+ would win.} Ng7 20. Kc2) 19... Rxd3 $14 20. Rxd3 b6 21. c5 Nd7 (21... b5 $1 $11) 22. cxb6+ $16 Nxb6 23. Bxb6+ Kxb6 24. Rd7 $36 {[%mdl 2048] White is really pushing.} Re8 25. a4 Nc5 ({Black should play} 25... Nf8 26. Rd3 Ne6) 26. Nxc5 Kxc5 {[%mdl 4096] Endgame KRB-KRN} 27. Kc2 Kb6 $2 {[#]} (27... f6 $16 28. b3 g5) 28. Nd2 $18 c5 29. Nc4+ Kc6 30. Ra7 Kd5 31. Kd3 {[#] Threatening mate with Ra6!} (31. Nxa5 g5 $16) 31... Rb8 {Threatens to win with ...Rb3+.} 32. Ne3+ (32. Nxa5 Ke6 $18) 32... Kc6 33. Nc4 $2 (33. Rxe7 $18 Rd8+ 34. Ke4) 33... Bf8 $2 {[%mdl 8192]} (33... Kd5 $1 $11 34. Ne3+ (34. Nxa5 Bf8 $18) 34... Ke6) 34. Ra6+ ({Don't play} 34. Rxa5 h4 $18) 34... Kd7 35. Rxa5 e6 $2 (35... h4 36. Rxc5 hxg3 37. hxg3 e6) 36. Ra7+ Ke8 37. a5 {Accuracy: White = 80%, Black = 49%.} 1-0

[Event "WSTCC-50 2020"]
[Site "Prague"]
[Date "2020.03.10"]
[Round "5.13"]
[White "Vltavsky, Vladimir"]
[Black "Matveeva, Svetlana"]
[Result "1/2-1/2"]
[WhiteElo "2212"]
[BlackElo "2375"]
[Annotator "TA"]
[PlyCount "68"]
[EventDate "2020.03.06"]
[EventType "team-tourn"]
[EventCountry "CZE"]
[SourceTitle "playchess.com"]
[Source "ChessBase"]
[SourceQuality "1"]

{[%evp 14,68,25,18,27,-9,-8,-12,0,0,-5,-10,0,-26,-20,-29,-25,-29,-29,-32,-28,-26,-31,-62,-42,-35,-25,-25,-25,-66,-54,-91,-97,-169,-110,-121,-121,-122,-90,-192,-128,-150,-152,-144,-68,-181,-94,-104,-97,-86,-104,-115,-15,-9,28,20,12]} 1. e4 c5 2. Nf3 d6 3. c3 Nf6 4. Be2 Nbd7 5. d3 b6 6. O-O Bb7 7. Nbd2 {[%cal Bb1d2,Bd2f1,Bf1g3][%mdl 32]} g6 8. Re1 Bg7 {B50: Sicilian: 2...d6, Miscellaneous.} 9. Nf1 O-O 10. Ng3 Qc7 11. Bf1 e5 12. d4 a6 {[#]} 13. dxe5 $146 ({Predecessor:} 13. b3 b5 14. Rb1 exd4 15. cxd4 cxd4 16. Nxd4 Rfe8 17. f3 d5 18. exd5 Nxd5 19. Rxe8+ Rxe8 {0-1 (26) Metzger,C (2153)-Guadalpi,D (2287) France 2000}) 13... dxe5 14. b3 b5 15. Bb2 Rfd8 16. Qc2 Ne8 17. a4 Nd6 18. Red1 f6 19. Be2 Nf8 20. Nd2 h5 21. Ngf1 Bh6 22. f3 Ne6 23. g3 (23. Nb1 $17 {was called for.}) 23... Bc6 ({Better is} 23... c4 $19 24. bxc4 bxa4) 24. axb5 axb5 25. Rxa8 Rxa8 26. Kg2 {[#]} (26. Bc1 $17) 26... Nf7 (26... h4 $1 $19 {[%mdl 512]} 27. Kh1 (27. gxh4 Nf4+) 27... hxg3 28. hxg3 Qh7) 27. Ra1 $17 {With the idea Rxa8+.} Rd8 28. Bc1 {[#]} Qb7 (28... h4 $1 $17 {[%mdl 512]} 29. Ra6 (29. gxh4 Nf4+) 29... h3+ $1 {[%mdl 512]} 30. Kf2 Qc8) 29. Nb1 (29. b4 $15) 29... Bf8 (29... Bxc1 $19 30. Qxc1 {[#]} h4 $1 {[%mdl 512]}) 30. Be3 Nd6 31. Nbd2 f5 32. exf5 Nxf5 (32... gxf5 $17 33. Kg1 Bd5) 33. Bf2 Ng5 {...e4 is the strong threat.} 34. h4 Ne6 {Accuracy: White = 66%, Black = 65%.} 1/2-1/2

[Event "WSTCC-50 2020"]
[Site "Prague"]
[Date "2020.03.10"]
[Round "5.14"]
[White "Grabuzova, Tatiana"]
[Black "Marsalek, Zdenek"]
[Result "1/2-1/2"]
[WhiteElo "2272"]
[BlackElo "2177"]
[Annotator "TA"]
[PlyCount "147"]
[EventDate "2020.03.06"]
[EventType "team-tourn"]
[EventCountry "CZE"]
[SourceTitle "playchess.com"]
[Source "ChessBase"]
[SourceQuality "1"]

{[%evp 19,147,8,14,-31,-20,-46,-8,0,53,-17,-17,-24,-25,-21,-17,-26,-24,-40,-35,-27,-17,-27,-23,-22,-24,-25,-26,-23,-23,-26,-17,-56,-69,-97,-90,-109,-98,-108,-102,-120,-113,-113,-113,-118,-112,-117,-126,-163,-68,-145,-145,-145,-145,-145,0,-145,-145,-145,-145,-145,-144,-126,8,8,9,9,14,14,66,8,8,8,9,8,9,8,9,9,14,14,14,14,14,14,14,14,40,14,39,14,14,14,29,29,29,29,29,9,33,9,110,61,110,110,110,110,110,110,110,117,117,125,128,9,9,9,9,9,9,9,9,9,9,9,9,9,9,9,9,0]} 1. d4 d5 2. c4 c6 3. Nf3 Nf6 4. Nc3 dxc4 5. a4 Bf5 6. Ne5 Nbd7 7. Nxc4 Qc7 8. g3 e5 9. dxe5 Nxe5 10. Bf4 Nfd7 11. Qd4 {[%cal Rc4e5] D17: Slav Defence: 5 a4 Bf5: Lines with 6 Nh4 and 6 Ne5.} f6 12. Rd1 g5 13. Bxe5 Nxe5 (13... fxe5 $11 14. Qe3 Be6) 14. Bg2 {[#]} (14. h4 $1 $14) 14... Rd8 $146 ({Predecessor:} 14... Be7 15. Nxe5 Qxe5 16. Qxe5 fxe5 17. O-O Rd8 18. Be4 Be6 19. Kg2 O-O 20. Bb1 Kg7 {0-1 (52) Urkedal,F (2141)-Hole,O (2336) Gausdal 2005}) 15. Qxd8+ Qxd8 16. Rxd8+ Kxd8 17. Nxe5 fxe5 18. Be4 Be6 19. h4 g4 20. O-O Bc5 21. Rd1+ Ke7 22. Bc2 h6 23. Ne4 Bb4 24. f3 Rf8 25. Kg2 Bc4 $36 {[%mdl 2048] Black fights for an advantage.} 26. Bd3 Bb3 27. Rc1 gxf3+ ({Reject} 27... Bxa4 $6 28. fxg4 a6 29. g5 $11) 28. exf3 {[#]} Rd8 $1 {[%cal Rd8d3]} (28... Bxa4 $6 29. Ra1 $11) 29. Bc2 Bd2 $1 {[%cal Rd2c1]} 30. Rd1 Bxc2 31. Rxd2 Rxd2+ ({But not} 31... Bxa4 $6 32. Rxd8 Kxd8 33. Nd6 $11) 32. Nxd2 Bxa4 $17 {[%mdl 4096] Endgame KB-KN} 33. Kh3 Bc2 (33... Ke6 $19 34. Ne4 Bd1) 34. Kg4 (34. Nc4 $1 $15) 34... Kf6 35. Kh5 Kg7 36. Nc4 Bg6+ 37. Kg4 Kf6 38. f4 {[#]} h5+ $1 39. Kf3 exf4 40. Kxf4 Be8 (40... b5 $17 41. Ne5 Be8) 41. Nd6 $11 Bf7 (41... Ke7 {keeps more tension.} 42. Nxb7 Ke6 43. Nc5+ Kd5 44. Ne4 Bf7) 42. Nxb7 Bd5 43. Nc5 Bc4 ({Better is} 43... Bh1 $11) 44. b4 (44. Ne4+ $14 Kg6 45. Ke5) 44... Bf1 45. Nb3 Bh3 46. Nd4 Bg2 47. Nf5 Bf1 48. Ne3 Bd3 49. g4 hxg4 50. Nxg4+ Kg7 51. Ne5 Bb5 52. Kg5 Kh7 53. h5 Ba4 54. h6 a6 55. Nd7 {And now Nf6+ would win.} Bb5 56. Nf6+ Kh8 57. Kf4 Bf1 58. Ke5 {Threatening Kd6.} Be2 59. Kd6 Bf1 (59... Bb5 $11 {remains equal.}) 60. Kc5 Be2 61. Kxc6 Bf1 62. Kb6 Be2 63. Kb7 Bf1 64. Ka7 Be2 65. Kb6 Bf1 66. Nd7 (66. Kc5 $16) 66... Kh7 {The position is equal.} 67. Nc5 Kxh6 68. Nxa6 Kg7 69. Nc7 Kf7 70. Kc6 Ke7 71. Nb5 Kd8 72. Nd6 Be2 73. Kc5 Kc7 74. Nc4 {And White is the lucky defender. Accuracy: White = 74%, Black = 77%.} 1/2-1/2

[Event "WSTCC-50 2020"]
[Site "Prague"]
[Date "2020.03.10"]
[Round "5.15"]
[White "Zahorbensky, Jaroslav"]
[Black "Yakimenko, Alexander A."]
[Result "1/2-1/2"]
[WhiteElo "2098"]
[BlackElo "2149"]
[Annotator "TA"]
[PlyCount "96"]
[EventDate "2020.03.06"]
[EventType "team-tourn"]
[EventCountry "CZE"]
[SourceTitle "playchess.com"]
[Source "ChessBase"]
[SourceQuality "1"]

{[%evp 9,96,-10,-8,-27,0,-14,8,0,24,21,25,0,3,0,141,-6,133,0,15,0,44,9,29,7,23,9,10,10,19,4,2,0,50,0,12,4,24,27,28,30,100,68,69,22,22,24,27,27,28,28,115,53,58,50,104,104,104,104,101,106,102,102,103,91,102,77,137,125,118,102,100,66,62,61,75,58,72,58,58,59,211,216,203,203,1970,47,47,0,29]} 1. e4 e6 2. d4 d5 3. exd5 exd5 4. Bf4 Bd6 5. Bg3 Nf6 6. Bd3 {C01: French: Exchange Variation.} Nc6 7. c3 Bg4 8. Ne2 {[#]} Bxg3 $146 ({Predecessor:} 8... h5 9. Bh4 Qd7 10. Bxf6 gxf6 11. Nd2 O-O-O 12. Nf1 Rhg8 13. Ne3 f5 14. f3 f4 15. Nxd5 {1-0 (34) McMorrow,J (2018)-Zelenchuk,D (2031) Dublin 2019}) 9. hxg3 Qe7 10. Nd2 O-O-O 11. f3 Kb8 (11... Bh5 $11) 12. Qc2 (12. fxg4 $16 {aiming for Nf3.} Nxg4 13. Nf3) 12... Rhe8 (12... Bd7 $11 {remains equal.}) 13. O-O-O ({White has to play} 13. fxg4 $16 {Strongly threatening g5.} Nxg4 14. Nf1 (14. Rxh7 Ne3 $16)) 13... Bf5 14. Nf4 Bg6 15. Bxg6 hxg6 16. Nb3 b6 17. Qf2 g5 18. Nd3 g4 19. Rde1 Qd6 20. Nd2 {[%cal Bb3d2,Bd2f1,Bf1e3][%mdl 32]} Re6 21. Nf4 Rxe1+ 22. Rxe1 Qd7 23. Nf1 Rh8 24. Ne3 g6 (24... gxf3 $11 25. gxf3 Ne7) 25. Nd3 Re8 26. Nxg4 (26. fxg4 $5 {[%cal Rf2f6]} Re6 27. Qf3 $16) 26... Rxe1+ 27. Qxe1 Nxg4 28. fxg4 Kb7 29. Qe2 Qe7 (29... g5 $1 $11 {keeps the balance.}) 30. Qxe7 ({Better is} 30. Qf3 $1 $16) 30... Nxe7 $16 {[%mdl 4096] Endgame KN-KN} 31. g5 Kc6 ({Black should try} 31... Nc6 $14) 32. Ne5+ Kd6 33. Nxf7+ Ke6 34. Ne5 Kf5 35. Kd2 Kxg5 36. Ke3 Nf5+ 37. Kf3 Nd6 {[#]} (37... a5 $142) 38. Nc6 $1 Nc8 39. g4 Kf6 40. Kf4 g5+ 41. Ke3 Nd6 42. b3 a5 43. Ne5 Ke6 44. Kd3 Nf7 $2 {[#]} ({Black should play} 44... Ne4 $14) 45. Nxf7 $1 $18 Kxf7 46. c4 c6 $2 (46... Ke6 47. cxd5+ Kxd5) 47. Kc3 $2 (47. cxd5 $18 cxd5 48. b4) 47... b5 $1 $14 48. a4 b4+ {Accuracy: White = 63%, Black = 58%.} 1/2-1/2

[Event "WSTCC-50 2020"]
[Site "Prague"]
[Date "2020.03.10"]
[Round "5.16"]
[White "Chudinovskikh, Alexander M"]
[Black "Sykora, Ondrej"]
[Result "1/2-1/2"]
[WhiteElo "2139"]
[BlackElo "2048"]
[Annotator "TA"]
[PlyCount "99"]
[EventDate "2020.03.06"]
[EventType "team-tourn"]
[EventCountry "CZE"]
[SourceTitle "playchess.com"]
[Source "ChessBase"]
[SourceQuality "1"]

{[%evp 16,99,27,22,43,28,46,29,27,7,72,74,88,22,30,30,43,25,39,8,27,19,26,20,108,105,148,86,134,119,131,65,73,29,57,41,96,60,64,57,208,117,112,85,83,81,101,92,84,44,112,24,12,0,43,31,57,53,69,0,0,2,0,0,0,-8,0,0,0,0,0,0,0,0,0,0,0,0,0,0,0,0,0,0,0,0]} 1. e4 c5 2. Nf3 e6 3. d3 Nc6 4. g3 d6 5. Bg2 g6 6. O-O Bg7 7. c3 Nge7 8. d4 $1 {[%mdl 4] is currently scoring better than 8.Be3.} cxd4 9. cxd4 d5 {A04: Unusual lines after 1 Nf3 and King's Indian Attack.} 10. e5 O-O 11. Nc3 {[%cal Bb1c3,Bc3a4,Ba4c5][%mdl 32]} Nf5 {White has an edge.} 12. Bg5 Qb6 {[#]} (12... f6 $11 13. exf6 Bxf6 14. Bxf6 Qxf6) 13. Na4 $146 ({Predecessor:} 13. Qd2 Nfxd4 14. Nxd4 Qxd4 15. Qxd4 Nxd4 16. f4 Re8 17. Rad1 Nf5 18. Nb5 Ne3 19. Nc7 Bd7 20. Rc1 Nxf1 21. Nxe8 Bxe8 22. Bxf1 {0-1 (43) Nguyen,N (2234)-Tong,T Dong Nai 2002}) 13... Qc7 14. Rc1 (14. g4 $16 Nfe7 15. Bf6) 14... h6 $1 $11 {[%cal Rh6g5]} 15. Bd2 Qd8 16. Be1 Bd7 17. g4 $36 {[%mdl 2048] White has the initiative.} Nfe7 18. Nc5 Bc8 19. b4 f6 (19... b6 $11 20. Nd3 Ba6) 20. exf6 $16 Bxf6 21. Bd2 (21. b5 $142) 21... b6 {[#]} 22. Nb3 $1 Bg7 23. Re1 (23. b5 $16 Nb8 24. Bb4) 23... a6 $14 24. a4 Bd7 25. a5 Ra7 (25... Rb8 $14) 26. axb6 (26. Qc2 {with more complications.} Rb7 27. Qd3 Bc8 28. Qe3 Rb8 29. axb6 Rxb6 30. Nc5) 26... Qxb6 27. Nc5 (27. Be3 {is more complex.} Qxb4 28. Ne5 Qd6 29. Nc5 Bc8 30. Qd2) 27... Nxb4 $2 (27... Nxd4 $14 28. Ne5 Bc8) 28. Bxb4 ({White should play} 28. g5 $18) 28... Qxb4 $16 29. Nxd7 Rxd7 30. Rxe6 a5 31. Rb1 Qc3 32. Qe2 Qc7 (32... Nc6 $1 $14) 33. Ra6 (33. Qe3 $16) 33... Rd6 $11 34. Re1 {[#] And now Rxd6 would win.} Rf7 35. Ra8+ Kh7 36. Ne5 Re6 37. Ra6 (37. Qe3 $14) 37... Rff6 {The position is equal.} 38. Rxe6 Rxe6 39. f4 Qc3 40. Qe3 Qxe3+ 41. Rxe3 Rb6 42. Ra3 Rb4 43. Rxa5 Rxd4 44. Ra7 Nc8 45. Rc7 Rxf4 46. Bxd5 Nd6 47. h3 Rd4 48. Bb3 Rd2 49. Nc4 Nxc4 50. Bxc4 {Accuracy: White = 64%, Black = 64%.} 1/2-1/2

[Event "WSTCC-50 2020"]
[Site "Prague"]
[Date "2020.03.10"]
[Round "5.17"]
[White "Cummings, David H."]
[Black "Priehoda, Vitezslav"]
[Result "0-1"]
[WhiteElo "2342"]
[BlackElo "2337"]
[Annotator "TA"]
[PlyCount "54"]
[EventDate "2020.03.06"]
[EventType "team-tourn"]
[EventCountry "CZE"]
[SourceTitle "playchess.com"]
[Source "ChessBase"]
[SourceQuality "1"]

{[%evp 19,54,0,11,16,8,18,33,32,36,14,23,11,22,20,20,0,6,3,12,2,10,-25,-25,-220,-218,-198,-169,-172,-154,-222,-167,-213,-203,-281,-241,-306,-316]} 1. c4 e6 2. Nf3 a6 3. e3 Nf6 4. b3 d5 5. Bb2 Be7 6. Nc3 O-O 7. d4 b6 8. Bd3 Bb7 9. cxd5 exd5 10. O-O Nbd7 11. Ne5 {E14: Queen's Indian: Classical Variation (4 e3).} Bd6 12. f4 c5 13. Qf3 {White is slightly better.} b5 14. Qh3 {[#]} c4 $146 ({Predecessor:} 14... g6 15. Nxd7 Qxd7 16. Qxd7 Nxd7 17. dxc5 Bxc5 18. Nd1 Rfe8 19. Kf2 Nf8 20. Rc1 Bb6 {0-1 (33) Riazantsev,A (2671)-Salinas Herrera,P (2466) Doha 2016}) 15. Nxd7 cxd3 16. Nxf8 Bxf8 17. Rad1 b4 {[#] Hoping for ...Bc8.} 18. Na4 Bc6 19. Nc5 Bb5 $1 20. Nxd3 Qa5 21. Ba1 $2 {[#] This costs White the game.} (21. Nc1 $11 {and White has nothing to worry.}) 21... Qxa2 $19 22. Rfe1 {Black should prevent Nc5.} Qxb3 23. Nc5 Qa2 24. e4 (24. Rb1 $17 {was worth a try.} a5 25. Qf3) 24... Nxe4 ({Much less strong is} 24... Bxc5 25. dxc5 Nxe4 26. Qh5 $15) 25. Nxe4 dxe4 26. d5 Bd3 27. Qf5 Rd8 {Accuracy: White = 48%, Black = 92%.} 0-1

[Event "WSTCC-50 2020"]
[Site "Prague"]
[Date "2020.03.10"]
[Round "5.18"]
[White "Vokac, Marek"]
[Black "Plotkin, Victor"]
[Result "0-1"]
[WhiteElo "2348"]
[BlackElo "2339"]
[Annotator "TA"]
[PlyCount "140"]
[EventDate "2020.03.06"]
[EventType "team-tourn"]
[EventCountry "CZE"]
[SourceTitle "playchess.com"]
[Source "ChessBase"]
[SourceQuality "1"]

{[%evp 9,140,13,6,10,14,4,4,6,8,2,2,5,0,0,0,0,51,0,-4,-1,19,8,29,-22,-29,-40,-40,-70,-62,-129,-147,-130,-79,-78,-67,-70,-74,-76,-81,-154,-149,-137,-66,-110,-75,-149,-146,-230,-241,-243,-245,-283,-270,-302,-302,-355,-346,-372,-358,-350,-343,-341,-339,-389,-395,-416,-386,-416,-419,-418,-424,-420,-437,-431,-432,-430,-423,-420,-416,-412,-399,-420,-408,-418,-375,-393,-359,-404,-352,-491,-492,-514,-389,-692,-691,-675,-668,-779,-656,-595,-566,-1020,-1007,-901,-840,-827,-827,-1184,-1146,-1880,-1810,-1552,-1061,-3019,-2406,-6418,-6358,-5748,-5673,-5612,-3983,-5032,-5018,-29980,-29981,-29981,-29982,-29982,-29983,-29983,-29981,-29981,-29982]} 1. Nf3 d5 2. b3 Bg4 3. Bb2 Nf6 4. e3 e6 5. h3 Bh5 6. Be2 {A06: Réti Opening: 1 Nf3 d5.} h6 {[#]} 7. d3 $146 ({Predecessor:} 7. O-O Nbd7 8. c4 Bd6 9. Nc3 O-O 10. Rc1 c6 11. d3 Bg6 12. Re1 a6 13. d4 Qb8 {½-½ (46) Papadopoulos,G (2072)-Kelires,A (2087) Achaia 2013}) 7... Be7 8. Nbd2 {The position is equal.} O-O 9. g4 Bg6 10. Ne5 Bh7 11. h4 Nfd7 $1 12. Nef3 e5 (12... c5 $11) 13. Nxe5 (13. g5 $14) 13... Nxe5 $11 14. Bxe5 Bxh4 15. Nf3 Bf6 16. d4 (16. Bxf6 $142 Qxf6 17. Kd2) 16... Nd7 17. Bf4 Re8 18. Bd3 Be4 19. g5 (19. c3 $15) 19... hxg5 $17 20. Bxe4 {Strongly threatening Nxg5!} dxe4 ({Black should try} 20... gxf4 21. Bh7+ Kf8) 21. Nxg5 Bxg5 22. Qh5 {[%csl Gh1][%cal Rh5h8]} f6 $1 {Hoping for ...Bxf4.} ({Don't blunder} 22... Bh6 $2 23. Bxh6 g6 24. Qh2 $18) 23. O-O-O (23. Bxg5 $2 fxg5 24. Rg1 Qe7 $17) 23... Nf8 $1 24. Bxg5 (24. Rdg1 $142) 24... fxg5 25. Rdg1 Ne6 ({Better is} 25... g6 $17 26. Rxg5 Qf6) 26. Qh7+ $15 Kf7 27. Qxe4 {[#]} (27. Rh6 $142 Nf8 28. Qf5+ Kg8 29. Rh5) 27... c6 $1 $17 28. Rg3 {[#]} (28. Qg4 $17) 28... Qd5 $1 $19 {[%cal Rd5e4]} 29. Qxd5 cxd5 30. Kd2 b5 31. a3 Rh8 32. Rxh8 Rxh8 {[%mdl 4096] Endgame KRN-KR} 33. c4 bxc4 34. bxc4 dxc4 35. Kc3 Rc8 36. Rg4 Kf6 37. Re4 g6 38. Re5 Rc7 39. Ra5 g4 40. Ra6 {With the idea d5.} Kf7 41. Ra5 Ng7 42. Rg5 Nh5 43. Rxg4 Nf6 44. Rg1 Nd5+ 45. Kc2 Rb7 46. Rg3 Rb3 47. Rg5 Rb5 {Threatens to win with ...Nxe3+!} 48. Rg3 Nb6 49. Rh3 {White hopes to continue with Rh7+.} Kg7 50. Rh4 Na4 51. Re4 $2 (51. d5 Rb2+ 52. Kc1 Rxf2 53. Rxc4) 51... Rb2+ 52. Kc1 {intending Re7+.} Rxf2 53. d5 Nb6 54. d6 c3 55. Rd4 {[#] If only White now had time for d7....} Rd2 $1 56. Re4 (56. Rxd2 cxd2+) 56... a5 57. Re5 Rxd6 58. Rxa5 Rd3 59. Ra7+ Kh6 60. e4 Re3 61. Kc2 Nc4 62. Ra4 Ne5 63. Rd4 Kg5 64. a4 Kf4 65. a5 Rxe4 66. Rxe4+ Kxe4 {Black mates.} 67. a6 Nc6 68. Kxc3 Kd5 69. Kd3 Nb4+ 70. Ke3 Nxa6 {Accuracy: White = 53%, Black = 91%.} 0-1

[Event "WSTCC-50 2020"]
[Site "Prague"]
[Date "2020.03.10"]
[Round "5.19"]
[White "Findlay, Ian T."]
[Black "Zpevak, Pavel"]
[Result "1-0"]
[WhiteElo "2159"]
[BlackElo "2344"]
[Annotator "TA"]
[PlyCount "69"]
[EventDate "2020.03.06"]
[EventType "team-tourn"]
[EventCountry "CZE"]
[SourceTitle "playchess.com"]
[Source "ChessBase"]
[SourceQuality "1"]

{[%evp 16,69,14,7,31,0,17,33,33,3,3,-24,-14,-11,0,0,18,0,0,4,21,13,23,11,46,15,29,18,47,33,43,45,63,64,79,47,90,16,16,16,23,21,29,8,23,40,152,140,579,587,582,570,556,566,698,689]} 1. e4 c5 2. Nf3 e6 3. d4 cxd4 4. Nxd4 a6 5. Nc3 Qc7 6. Be2 Nc6 7. Be3 Nf6 8. a3 Be7 9. f4 d6 {B48: Sicilian: Taimanov: 5 Nc3 Qc7 6 Be3 a6 without Be2.} 10. g4 d5 {is more profitable than 10...Nxd4 at the moment.} 11. e5 Nd7 {White is slightly better.} 12. O-O {[#]} Bc5 $146 ({Predecessor:} 12... Nxd4 13. Bxd4 b5 14. Bf3 Bb7 15. Re1 Rc8 16. f5 Bc5 17. fxe6 fxe6 18. g5 O-O 19. Bg4 Rce8 20. Ne2 Nxe5 21. b4 Nxg4 {0-1 (23) Pozsar,P (1905)-Arendas,M (2106) Slovakia 2018}) 13. Kh1 Bxd4 14. Bxd4 Nxd4 15. Qxd4 Qc5 16. Rad1 $36 {[%mdl 2048] White is pushing.} Qxd4 17. Rxd4 b6 18. Bf3 Bb7 19. Ne2 O-O-O 20. Rfd1 g5 21. Re1 Rhg8 22. h4 h6 23. Kh2 f6 24. exf6 Nxf6 25. Kh3 Rdf8 26. Ng3 (26. Nc3 $16 Re8 27. fxg5 hxg5 28. h5) 26... gxf4 $11 27. Rxf4 Kd7 28. c4 Kd6 29. b4 Nd7 30. Nh5 Rxf4 ({Better is} 30... Bc8 $14) 31. Nxf4 $16 Ne5 $2 {[%mdl 8192] [#] Loses the game.} (31... Re8 $16 {is a better chance.}) 32. c5+ $1 $18 {[%mdl 576] Deflection. White is clearly winning.} bxc5 33. bxc5+ Kxc5 34. Rxe5 Kd4 35. Rxe6 {Accuracy: White = 68%, Black = 60%.} 1-0